000 00402nam a2200145Ia 4500
008 230917s9999||||xx |||||||||||||| ||und||
040 _e40707
_aMAIN
041 _aEnglish
082 _a970.01 M831G
100 _aMorison, Samuel Eliot
245 4 _aThe great explorers: the European discovery of America
260 _aNew York
_bOxford University Press
_c1978
300 _axv, 752 p.
942 _cBK
999 _c211149
_d211149